00601nam a2200205Ia 4500008004100000041001200041082002000053100002000073245003700093365001000130520001200140546001200152630003700164650001200201655001200213730003700225942000900262999001900271952010500290101110s9999 xx 000 0 und d aENGLISH bSR4770a954.591 aStamp L. Dudley aIndia, Pakistan Ceylon and Burma b11.25 aHistory aENGLISH aIndia, Pakistan Ceylon and Burma aHistory aHistory aIndia, Pakistan Ceylon and Burma cBOOK c800934d800931 00104070aDBJbDBJc31Bd2010-11-11g11.25j2l0pDBJSR4770r2010-11-11 00:00:00w2010-11-11yBOOK